| 000 | 00511nam a2200193Ia 4500 | ||
|---|---|---|---|
| 003 | OSt | ||
| 005 | 20250814093004.0 | ||
| 008 | 210210b2003 xxu||||| |||| 00| 0 eng d | ||
| 020 | _a8126116315 | ||
| 040 | _cAL | ||
| 082 | _a658.4038 MEHM | ||
| 100 |
_aMehta Versha and others _9235378 |
||
| 245 | _aManagement information system | ||
| 260 |
_aNew Delhi _bAnmol Publications Pvt. Ltd. _c2003 |
||
| 300 | _avi,447p | ||
| 690 |
_aManagement Information System _9235379 |
||
| 906 | _a061116 | ||
| 942 |
_2ddc _cBK |
||
| 999 |
_c107859 _d107859 |
||